| 000 | 00617nam a22001817a 4500 | ||
|---|---|---|---|
| 999 |
_c143287 _d143287 |
||
| 010 | _aENG-119564 | ||
| 020 |
_c790.00 _a9789380297149 |
||
| 035 | _aEN-103096 | ||
| 037 | _bDBAD/PUB | ||
| 082 | _a327.17470954 | ||
| 100 | _aPaddock, Carl | ||
| 245 |
_aComprehensive test ban treaty where does India stand? / _cby Carl Paddock |
||
| 260 |
_aNew Delhi _bEpitome Books _c2010 |
||
| 270 |
_aB-65 Mansaram Park Near Nawada Metro Station _bNew Delhi _e110059-06 |
||
| 300 |
_avii,254p. _c22cm(Hb) |
||
| 500 | _a Includes bibliographical references and index | ||
| 942 |
_2ddc _cEN _h327.17470954 _mPAD |
||